| 000 | 00537nam a2200181Ia 4500 | ||
|---|---|---|---|
| 003 | IN-BaIIA | ||
| 008 | 211028s9999 xx 000 0 eng d | ||
| 020 | _a978-1-107-01656-9 | ||
| 040 | _cIIA Library | ||
| 080 |
_a524.3-54 _bIBE-1 |
||
| 100 |
_aIben, Icko _935636 |
||
| 245 | 0 |
_aStellar evolution physics _bvol. 1, physical processes in stellar interiors _cIcko Iben |
|
| 260 |
_aCambridge _bCambridge University Press _c2013 |
||
| 300 | _axvi, 890p. | ||
| 650 |
_aStar-Evaluation _935637 |
||
| 650 | _aStellar dynamics | ||
| 942 | _cBK | ||
| 999 |
_c18565 _d18565 |
||